A course in time series analysis
Wedi'i Gadw mewn:
| Prif Awduron: | , , |
|---|---|
| Fformat: | Llyfr |
| Iaith: | Sbaeneg |
| Cyhoeddwyd: |
Nueva York
John Wiley and Sons
2001
|
| Cyfres: | Wiley Series in Probability and Statistics
|
| Pynciau: | |
| Tagiau: |
Ychwanegu Tag
Dim Tagiau, Byddwch y cyntaf i dagio'r cofnod hwn!
|
MARC
| LEADER | 00000nam a2200000 a 4500 | ||
|---|---|---|---|
| 001 | UCI5921 | ||
| 003 | CL-VaPUC | ||
| 008 | 080411e20010000US |||||||||||||||||spa|d | ||
| 020 | |a 047136164X | ||
| 082 | 0 | 4 | |a 519.55 |b PEÑ |2 21 |
| 100 | 0 | |a Peña, Daniel |e author |9 528577 | |
| 700 | 0 | |a Tiao, George C |e author |9 528578 | |
| 700 | 0 | |a Tsay, Ruey S |e author |9 528579 | |
| 245 | 1 | 2 | |a A course in time series analysis |
| 300 | |a 460 p | ||
| 942 | |c BK | ||
| 945 | |d 20080411 00:00:00 |a jtorresc | ||
| 260 | |a Nueva York |b John Wiley and Sons |c 2001 | ||
| 650 | 0 | |a Estadísticas |9 258644 | |
| 650 | 7 | |a SERIES CRONOLOGICAS |2 CL-VaPUC |9 528580 | |
| 650 | 7 | |a PRONOSTICOS |2 CL-VaPUC |9 527909 | |
| 650 | 7 | |a DISEÑO ESTADISTICO |2 CL-VaPUC |9 324713 | |
| 650 | 7 | |a PROCESOSO ALEATORIOS |2 CL-VaPUC |9 528581 | |
| 650 | 0 | |a Análisis estadístico |9 269506 | |
| 583 | |a last modification |c 20080411 00:00:00 |k Rodrigo Vera | ||
| 490 | 0 | |a Wiley Series in Probability and Statistics | |
| 999 | |c 329561 |d 329559 | ||
| 952 | |0 0 |1 0 |4 0 |6 519_550000000000000_PEÑ_2001 |7 0 |8 A |9 414452 |a BIBGIM |b BIBGIM |d 2019-11-22 |i 4427815 |l 1 |o 519.55 PEÑ 2001 |p 4427815 |r 2025-01-15 |s 2023-03-06 |w 2019-11-22 |y BK |k EST | ||